000 00426nam a2200193Ia 4500
005 20240823033421.0
008 240823s9999||||xx |||||||||||||| ||und||
020 _a978-81-8322-246-4
041 _aENGLISH
082 _A813.54 Q2
100 _aRonda Bairn
245 0 _aSakthi
250 _a1st
260 _c2012
_bManjul Public
500 _aYES
650 _aTamil Books
_bGeneral
942 _cBK
999 _c195764
_d195764